[Event "AUT-ch"]
[Site "Vienna"]
[Date "2023.07.23"]
[Round "2"]
[White "Geroe, Leonhard"]
[Black "Postlmayer, Jakob"]
[Result "1/2-1/2"]
[WhiteElo "1971"]
[BlackElo "2347"]
[PlyCount "86"]
[EventDate "2023.07.22"]
[EventType "swiss"]
[EventRounds "9"]
[EventCountry "AUT"]
[SourceTitle "CBM 215 Extra"]
[Source "ChessBase"]
[SourceDate "2023.09.30"]
[SourceVersion "1"]
[SourceVersionDate "2023.09.30"]
[SourceQuality "1"]

1. e4 c5 2. c3 d5 3. exd5 Qxd5 4. d4 g6 5. Nf3 Bg7 6. Nbd2 cxd4 7. cxd4 Nf6 8. Bc4 Qd6 9. Qb3 0-0 10. Ne5 e6 11. Ndf3 Nc6 12. Nxc6 Qxc6 13. 0-0 b6 14. Bf4 Bb7 15. Rfe1 Rac8 16. Rac1 Qd7 17. Be5 Ng4 18. Bb5 Qd8 19. Rxc8 Qxc8 20. Bxg7 Kxg7 21. Qa4 a6 22. Be2 Bxf3 23. Bxf3 Nf6 24. Qb3 Qd8 25. Rd1 Qd6 26. d5 exd5 27. Bxd5 Rd8 28. Bf3 Qe5 29. g3 Rxd1+ 30. Bxd1 Qd4 31. Bf3 a5 32. Kg2 h6 33. Qb5 g5 34. h3 Kf8 35. b3 Ke7 36. Qc6 Qd6 37. Qc4 Nd7 38. h4 Qe5 39. hxg5 hxg5 40. Bh5 Qe6 41. Qd4 Ne5 42. Be2 Nc6 43. Qxb6 Qxe2 1/2-1/2

[Event "EU-ch U14 30th"]
[Site "Antalya"]
[Date "2022.11.14"]
[Round "9"]
[White "Kuhn, Clement"]
[Black "Geroe, Leonhard"]
[Result "1-0"]
[WhiteElo "2258"]
[BlackElo "1916"]
[PlyCount "47"]
[EventDate "2022.11.06"]
[EventType "swiss"]
[EventRounds "9"]
[EventCountry "TUR"]
[SourceTitle "EXT 2024"]
[Source "ChessBase"]
[SourceDate "2023.10.10"]
[SourceVersion "1"]
[SourceVersionDate "2023.10.10"]
[SourceQuality "1"]

1. e4 c5 2. Nc3 Nc6 3. Bb5 g6 4. Bxc6 dxc6 5. f4 Bg7 6. Nf3 e6 7. d3 Ne7 8. 0-0 0-0 9. a4 b6 10. a5 Ba6 11. Qe2 Qc7 12. Na4 Bb5 13. c4 Bxa4 14. Rxa4 bxa5 15. Be3 Rfb8 16. Rb1 Rb4 17. Ra2 Rb7 18. Qd2 Rab8 19. Bxc5 Nc8 20. d4 Bf8 21. Bxf8 Kxf8 22. f5 exf5 23. Qh6+ Kg8 24. Ng5 1-0